| 000 | 00360nam a2200133Ia 4500 | ||
|---|---|---|---|
| 008 | 211119s9999||||xx |||||||||||||| ||und|| | ||
| 082 |
_a823 _bSUR-L |
||
| 100 | _aSurendran, C P | ||
| 245 | 0 | _aLost and Found | |
| 260 |
_bHarpercollins _a2010 _cNoida |
||
| 300 | _a262p | ||
| 650 |
_aEnglish Literature _vEnglish fictionGeneralia _xGeneral stack |
||
| 942 | _cBOOK | ||
| 999 |
_c116214 _d116214 |
||